00841nam a2200217Ia 4500008004100000020001500041040001800056041000800074100003300082245018000115260004700295300005200342490004200394504003000436610001900466650004700485650003900532650001700571650001400588700002100602130821s1999 ck a gr spa  a9580456003 aCo-BoUCMbspa00aspa1 aSerrano Cadena, Rosso José10aJaque mate de cómo la policía le ganó la partida a "el ajedrecista" y a los carteles del narcotráficocRosso José Serrano Cadena ; colaboración de Santiago Gamboa aBogotá (Colombia)bEditorial Normac1999 a303 páginasbilustraciones (algunas en color) 0aColección Biografías y Documentos aIncluye índice general. aCartel de Cali04aControl de drogas y narcóticoszColombia04aNarcotráficoxHistoriazColombia04aSociología04aViolencia1 aGamboa, Santiago